Airport IATA Codes - Statistics

General Stats
  • This quiz has been taken 382 times
  • The average score is 33 of 85
Answer Stats
Hint Answer % Correct
LAX Los Angeles
98%
SYD Sydney
97%
JFK New York
88%
HKG Hong Kong
86%
AMS Amsterdam
85%
ATL Atlanta
84%
MAD Madrid
84%
CDG Paris
84%
MEX Mexico
82%
DXB Dubai
81%
LHR London Heathrow
81%
FRA Frankfurt
79%
IST Istanbul
78%
MEL Melbourne
78%
SIN Singapore
78%
BOG Bogota
77%
DOH Doha
75%
YYZ Toronto
75%
DEL Delhi
73%
TPE Taipei
73%
LGW London Gatwick
72%
BCN Barcelona
71%
LIM Lima
71%
HAV Havana
67%
IAD Washington
62%
MCO Orlando
61%
JED Jeddah
60%
ICN Seoul
58%
HND Tokyo Haneda
57%
HNL Honolulu
56%
NBO Nairobi
56%
MEM Memphis
55%
ORD Chicago O'Hare
53%
GRU Sao Paulo
51%
AUH Abu Dhabi
49%
SVO Moscow
49%
BAH Bahrain
48%
SJO San Jose
48%
JNB Johannesburg
47%
BNE Brisbane
38%
GUA Guatemala
38%
ALC Alicante
37%
FCO Rome Fiumicino
36%
SLC Salt Lake City
35%
TIJ Tijuana
27%
GDL Guadalajara
25%
KZN Kazan
21%
PEN Penang
19%
BZV Brazzaville
18%
LPL Liverpool
18%
SUB Surabaya
17%
ZQN Queenstown
16%
NAN Nadi
15%
CNF Belo Horizonte
10%
KUL Kuala Lumpar
10%
POM Port Moresby
10%
IPC Easter Island
9%
OUL Oulu
9%
SSA Salvador
9%
SAH Sanaa
9%
URC Urumqi
9%
VVI Santa Cruz
8%
ANR Antwerp
7%
DYU Dushanbe
7%
CJU Jeju
7%
COO Cotonou
6%
OGL Georgetown
5%
LYR Svalbard
5%
ABJ Abidijan
4%
NOJ Noyabrsk
4%
PKY Palangkaraya
4%
BRW Utqiagvik
4%
RSU Yeosu
4%
CBB Cochabamba
3%
CJB Coimbatore
3%
FEG Fergana
3%
KME Kamembe
3%
GUM Agana
2%
CIT Chimkent
2%
FMA Formosa
2%
MVB Franceville
2%
PPK Petropavlosk
2%
LGK Pulau
2%
TLE Toliara
2%
PBM Zandery
2%
No matching quizzes found
Score Distribution
Percent of People with Each Score
Percentile by Number Answered
Your Score History
You have not taken this quiz